| 000 | 02427cam a2200409 a 4500 | ||
|---|---|---|---|
| 999 |
_c3943 _d3943 |
||
| 001 | 14729447 | ||
| 005 | 20171009142859.0 | ||
| 008 | 070209s2007 enk b 001 0 eng | ||
| 010 | _a 2007005768 | ||
| 020 | _a9780226249711 (cloth : alk. paper) | ||
| 020 | _a9780226249728 (pbk. : alk. paper) | ||
| 020 | _a9781847010001 (cloth : James Currey) | ||
| 020 | _a1847010008 (cloth : James Currey) | ||
| 020 | _a9781847010018 (pbk. : James Currey) | ||
| 020 | _a1847010016 (pbk. : James Currey) | ||
| 020 | _a0226249719 (cloth : alk. paper) | ||
| 020 | _a0226249727 (pbk. : alk. paper) | ||
| 035 | _a(OCoLC)ocm84152877 | ||
| 035 | _a(OCoLC)84152877 | ||
| 040 |
_aDLC _cDLC _dBTCTA _dBAKER _dC#P _dYDXCP _dOKU _dDLC |
||
| 043 | _af------ | ||
| 050 | 0 | 0 |
_aGR350 _b.F556 2007 |
| 082 | 0 | 0 |
_a398.2096 _222 |
| 100 | 1 |
_aFinnegan, Ruth H. _936823 |
|
| 245 | 1 | 4 |
_aThe oral and beyond : _bdoing things with words in Africa / _cRuth Finnegan. |
| 260 |
_aOxford : _bJames Currey ; _aChicago : _bUniversity of Chicago Press ; _aPietermaritzburg : _bUniversity of KwaZulu-Natal Press, _c2007. |
||
| 300 |
_axiii, 258 p. ; _c23 cm. |
||
| 504 | _aIncludes bibliographical references (p. 225-251) and index. | ||
| 505 | 0 | _aIntroducing words -- The reflective practice of speech and language : a West African example -- How to do things with words among the Limba -- The arts and action of Limba story-telling -- Stories of Africa, stories about Africa -- Literature as oral, the oral as literature -- Is oral literature composed in performance? -- Time, performance and literature -- Constructing 'oral literature in Africa' : hindsights a generation later -- Creating texts : transformation and enscription -- Conceptualising oral texts and beyond -- Words, the human attribute? | |
| 650 | 0 |
_aOral tradition _zAfrica. _931405 |
|
| 651 | 0 |
_aAfrica _xFolklore. _936824 |
|
| 856 | 4 | 1 |
_3Table of contents only _uhttp://www.loc.gov/catdir/toc/ecip0710/2007005768.html |
| 856 | 4 | 2 |
_3Publisher description _uhttp://www.loc.gov/catdir/enhancements/fy0732/2007005768-d.html |
| 856 | 4 | 2 |
_3Contributor biographical information _uhttp://www.loc.gov/catdir/enhancements/fy0827/2007005768-b.html |
| 906 |
_a7 _bcbc _corignew _d1 _eecip _f20 _gy-gencatlg |
||
| 942 |
_2lcc _cMONOGRAPH |
||